Promouvoir la compétitivité manufacturiére en Afrique subsahariene
Enregistré dans:
| Autres auteurs: | , , |
|---|---|
| Format: | Livre |
| Langue: | français |
| Publié: |
Paris
OCDE
2001
|
| Collection: | Développement
|
| Sujets: | |
| Tags: |
Pas de tags, Soyez le premier à ajouter un tag!
|
MARC
| LEADER | 00000nam a2200000 4500 | ||
|---|---|---|---|
| 001 | c130608 | ||
| 005 | 20221124105346.8 | ||
| 020 | |a 92-64-28705-1 | ||
| 041 | 0 | |a fre | |
| 044 | |a FR | ||
| 245 | 1 | 0 | |a Promouvoir la compétitivité manufacturiére en Afrique subsahariene |c Sous la direction de Augustin Kwasi Fosu, Saleh M. Nsouli, Aristoméne Varoudakis |
| 264 | 1 | |a Paris |b OCDE |c 2001 | |
| 300 | |a 166 s. | ||
| 490 | 1 | |a Développement | |
| 830 | 0 | |a Développement | |
| 610 | 2 | 0 | |a politika hospodárska |
| 610 | 2 | 0 | |a výroba |
| 610 | 2 | 0 | |a produkcia |
| 610 | 2 | 0 | |a súťaž hospodárska |
| 610 | 2 | 0 | |a kurz devízový |
| 610 | 2 | 0 | |a vývoz |
| 610 | 2 | 0 | |a efektívnosť výroby |
| 610 | 2 | 0 | |a inštitúcia |
| 610 | 2 | 0 | |a investície priame zahraničné |
| 610 | 2 | 0 | |a globalizácia hospodárstva |
| 610 | 2 | 0 | |a obchod |
| 610 | 2 | 0 | |a údaje štatistické |
| 610 | 2 | 0 | |a porovnanie medzinárodné |
| 610 | 2 | 0 | |a svet |
| 610 | 2 | 0 | |a Afrika |
| 610 | 2 | 0 | |a OECD |
| 700 | 1 | |a Kwasi Fosu, Augustin | |
| 700 | 1 | |a Nsouli, Saleh M. | |
| 700 | 1 | |a Varoudakis, Aristomene | |